Yield potential of advanced rice breeding lines with medium duration in dry season, សក្ដានុពលទិន្នផលនៃស្រឡាយស្រូវកណ្ដាលនៅក្នុងលក្ខខណ្ឌស្រូវកណ្ដាល (Record no. 10893)

000 -LEADER
fixed length control field 00587nam a22001337a 4500
040 ## - CATALOGING SOURCE
Transcribing agency RUA
082 ## - DEWEY DECIMAL CLASSIFICATION NUMBER
Classification number AGR CHH 2015 B535 Or.1
100 ## - MAIN ENTRY--AUTHOR NAME
Personal name CHHAY SAMPHORS; ឆាយ សម្ផស្ស
245 ## - TITLE STATEMENT
Title Yield potential of advanced rice breeding lines with medium duration in dry season, សក្ដានុពលទិន្នផលនៃស្រឡាយស្រូវកណ្ដាលនៅក្នុងលក្ខខណ្ឌស្រូវកណ្ដាល
260 ## - PUBLICATION, DISTRIBUTION, ETC. (IMPRINT)
Place of publication Phnom Penh
Name of publisher CHH
Year of publication 2015
300 ## - PHYSICAL DESCRIPTION
Number of Pages x,52p.
Other physical details ill.
Dimensions 29cm.
856 ## - ELECTRONIC LOCATION AND ACCESS
Uniform Resource Identifier CHHAY SAMPHORS
942 ## - ADDED ENTRY ELEMENTS (KOHA)
Koha item type AGR
952 ## - LOCATION AND ITEM INFORMATION (KOHA)
Withdrawn status [LOCAL, KOHA] 0
952 ## - LOCATION AND ITEM INFORMATION (KOHA)
Withdrawn status [LOCAL, KOHA] 0
952 ## - LOCATION AND ITEM INFORMATION (KOHA)
Withdrawn status [LOCAL, KOHA] 0
952 ## - LOCATION AND ITEM INFORMATION (KOHA)
Withdrawn status [LOCAL, KOHA] 0
952 ## - LOCATION AND ITEM INFORMATION (KOHA)
Withdrawn status [LOCAL, KOHA] 0
952 ## - LOCATION AND ITEM INFORMATION (KOHA)
Withdrawn status [LOCAL, KOHA] 0
952 ## - LOCATION AND ITEM INFORMATION (KOHA)
Withdrawn status [LOCAL, KOHA] 0
952 ## - LOCATION AND ITEM INFORMATION (KOHA)
Withdrawn status [LOCAL, KOHA] 0
Holdings
Permanent Location Date acquired Koha item type Lost status Shelving location Barcode Current Location Full call number
Library Block B2016-11-24AGR B535A03980Library Block BAGR CHH 2015 B535 Or.1
Library Block B2016-11-24AGR B535A03835Library Block BAGR CHH 2015 B535 Or.2
Library Block B2016-11-24AGR B535A03910Library Block BAGR CHH 2015 B535 Or.3
Library Block B2016-11-24AGR B535A04405Library Block BAGR CHH 2015 B535 Or.4
Library Block B2016-11-24AGR B535A03348Library Block BAGR CHH 2015 B535 Or.5
Library Block B2016-11-24AGR B535A03890Library Block BAGR CHH 2015 B535 Or.6
Library Block B2016-11-24AGR B535A03965Library Block BAGR CHH 2015 B535 Or.7
Library Block B2016-11-24AGR B535A04040Library Block BAGR CHH 2015 B535 Or.8
មជ្ឈមណ្ឌលឯការនៃសាកលវិទ្យាល័យភូមិន្ទកសិកម្មចំការដូង

Powered by Koha